[Event "DVM U16 2023"]
[Site "Magdeburg GER"]
[Date "2023.12.28"]
[Round "3"]
[White "Laux, Filip"]
[Black "Aravindan, Midhulan"]
[Result "0-1"]
[Termination "normal"]
[Board "9.3"]
[WhiteElo "1589"]
[BlackElo "1704"]
[WhiteClock "00:01:18"]
[BlackClock "00:05:08"]
[WhiteTeam "VSG 1880 Offenbach"]
[BlackTeam "SG Porz"]
[PlyCount "74"]
[WhiteFideId "16275730"]
[BlackFideId "16237250"]
[EventCountry "GER"]
[EventRounds "7"]
[EventType "team-swiss"]
[EventDate "2023.12.26"]

1. e4 {[%clk 01:30:56]} {[%emt 00:00:04]} e6 {[%clk 01:30:56]} {[%emt
00:00:05]} 2. d3 {[%clk 01:31:03]} {[%emt 00:00:21]} d5 {[%clk 01:31:22]}
{[%emt 00:00:05]} 3. Nd2 {[%clk 01:31:17]} {[%emt 00:00:16]} c5 {[%clk
01:31:38]} {[%emt 00:00:15]} 4. g3 {[%clk 01:31:35]} {[%emt 00:00:11]} g6
{[%clk 01:31:52]} {[%emt 00:00:17]} 5. Bg2 {[%clk 01:31:30]} {[%emt 00:00:34]}
Bg7 {[%clk 01:32:11]} {[%emt 00:00:12]} 6. Ngf3 {[%clk 01:31:29]} {[%emt
00:00:29]} Nc6 {[%clk 01:32:35]} {[%emt 00:00:07]} 7. c3 {[%clk 01:31:20]}
{[%emt 00:00:39]} h6 {[%clk 01:32:41]} {[%emt 00:00:25]} 8. O-O {[%clk
01:31:21]} {[%emt 00:00:28]} Nge7 {[%clk 01:33:05]} {[%emt 00:00:06]} 9. Re1
{[%clk 01:30:30]} {[%emt 00:01:21]} b6 {[%clk 01:33:05]} {[%emt 00:00:30]} 10.
Nf1 {[%clk 01:27:05]} {[%emt 00:03:55]} Bb7 {[%clk 01:31:41]} {[%emt 00:01:54]}
11. Ne3 {[%clk 01:21:43]} {[%emt 00:05:52]} O-O {[%clk 01:29:24]} {[%emt
00:02:47]} 12. h4 {[%clk 01:11:07]} {[%emt 00:11:06]} Rc8 {[%clk 01:20:52]}
{[%emt 00:09:01]} 13. Ng4 {[%clk 01:09:21]} {[%emt 00:02:16]} Kh7 {[%clk
01:19:23]} {[%emt 00:02:01]} 14. Qd2 {[%clk 01:05:05]} {[%emt 00:04:45]} dxe4
{[%clk 01:17:41]} {[%emt 00:02:12]} 15. dxe4 {[%clk 01:04:27]} {[%emt
00:01:07]} Qxd2 {[%clk 00:50:51]} {[%emt 00:27:21]} 16. Bxd2 {[%clk 01:04:32]}
{[%emt 00:00:25]} e5 {[%clk 00:51:16]} {[%emt 00:00:05]} 17. Rad1 {[%clk
00:54:56]} {[%emt 00:10:06]} Rcd8 {[%clk 00:50:37]} {[%emt 00:01:09]} 18. Bc1
{[%clk 00:49:23]} {[%emt 00:06:02]} Ba6 {[%clk 00:42:09]} {[%emt 00:08:59]} 19.
Ne3 {[%clk 00:47:28]} {[%emt 00:02:24]} f5 {[%clk 00:41:06]} {[%emt 00:01:35]}
20. Rxd8 {[%clk 00:44:34]} {[%emt 00:03:23]} Rxd8 {[%clk 00:41:29]} {[%emt
00:00:06]} 21. exf5 {[%clk 00:44:19]} {[%emt 00:00:45]} gxf5 {[%clk 00:41:28]}
{[%emt 00:00:32]} 22. Nd2 {[%clk 00:43:59]} {[%emt 00:00:50]} Bd3 {[%clk
00:36:54]} {[%emt 00:05:05]} 23. Bf1 {[%clk 00:30:19]} {[%emt 00:14:08]} e4
{[%clk 00:32:52]} {[%emt 00:04:33]} 24. Rd1 {[%clk 00:19:34]} {[%emt 00:11:15]}
Ne5 {[%clk 00:30:36]} {[%emt 00:02:46]} 25. Kg2 {[%clk 00:17:27]} {[%emt
00:02:36]} Bf6 {[%clk 00:26:19]} {[%emt 00:04:48]} 26. Ndc4 {[%clk 00:08:22]}
{[%emt 00:09:35]} Nxc4 {[%clk 00:14:15]} {[%emt 00:12:34]} 27. Nxc4 {[%clk
00:08:16]} {[%emt 00:00:35]} b5 {[%clk 00:13:05]} {[%emt 00:01:40]} 28. Ne3
{[%clk 00:07:24]} {[%emt 00:01:23]} c4 {[%clk 00:13:05]} {[%emt 00:00:31]} 29.
f3 {[%clk 00:04:55]} {[%emt 00:02:58]} Rg8 {[%clk 00:11:38]} {[%emt 00:01:57]}
30. Kf2 {[%clk 00:03:26]} {[%emt 00:01:58]} f4 {[%clk 00:09:27]} {[%emt
00:02:42]} 31. Ng4 {[%clk 00:03:06]} {[%emt 00:00:50]} fxg3+ {[%clk 00:09:36]}
{[%emt 00:00:20]} 32. Kg2 {[%clk 00:00:51]} {[%emt 00:02:45]} exf3+ {[%clk
00:07:09]} {[%emt 00:02:57]} 33. Kxf3 {[%clk 00:01:14]} {[%emt 00:00:08]} Bxh4
{[%clk 00:06:36]} {[%emt 00:01:04]} 34. Bxh6 {[%clk 00:00:36]} {[%emt
00:01:07]} Bf5 {[%clk 00:05:23]} {[%emt 00:01:43]} 35. Rd4 {[%clk 00:00:38]}
{[%emt 00:00:27]} Nc6 {[%clk 00:04:32]} {[%emt 00:01:22]} 36. Rf4 {[%clk
00:01:06]} {[%emt 00:00:02]} Bxg4+ {[%clk 00:04:43]} {[%emt 00:00:19]} 37. Rxg4
{[%clk 00:01:18]} {[%emt 00:00:18]} Ne5+ {[%clk 00:05:08]} {[%emt 00:00:05]}
0-1

[Event "DVM U16 2023"]
[Site "Magdeburg GER"]
[Date "2023.12.28"]
[Round "3"]
[White "Aumüller, Naum"]
[Black "Gold, Jan Christian"]
[Result "1-0"]
[Termination "normal"]
[Board "10.1"]
[WhiteElo "1881"]
[BlackElo "1932"]
[WhiteClock "00:09:47"]
[BlackClock "00:01:48"]
[WhiteTeam "SC Bavaria Regensburg 1881"]
[BlackTeam "SK Bad Homburg 1927"]
[PlyCount "111"]
[WhiteFideId "16263960"]
[BlackFideId "16298128"]
[EventCountry "GER"]
[EventRounds "7"]
[EventType "team-swiss"]
[EventDate "2023.12.26"]

1. e4 {[%clk 01:30:58]} {[%emt 00:00:02]} e6 {[%clk 01:30:30]} {[%emt
00:00:30]} 2. d4 {[%clk 01:31:24]} {[%emt 00:00:04]} d5 {[%clk 01:30:54]}
{[%emt 00:00:05]} 3. Nd2 {[%clk 01:31:48]} {[%emt 00:00:07]} c5 {[%clk
01:31:08]} {[%emt 00:00:16]} 4. Ngf3 {[%clk 01:32:03]} {[%emt 00:00:15]} cxd4
{[%clk 01:30:35]} {[%emt 00:01:03]} 5. Nxd4 {[%clk 01:32:02]} {[%emt 00:00:30]}
Nc6 {[%clk 01:30:34]} {[%emt 00:00:31]} 6. Bb5 {[%clk 01:32:07]} {[%emt
00:00:25]} Bd7 {[%clk 01:30:57]} {[%emt 00:00:07]} 7. Nxc6 {[%clk 01:32:30]}
{[%emt 00:00:08]} Bxc6 {[%clk 01:30:35]} {[%emt 00:00:50]} 8. Bxc6+ {[%clk
01:32:44]} {[%emt 00:00:17]} bxc6 {[%clk 01:31:03]} {[%emt 00:00:02]} 9. c4
{[%clk 01:26:18]} {[%emt 00:06:57]} Nf6 {[%clk 01:26:56]} {[%emt 00:04:37]} 10.
O-O {[%clk 01:13:26]} {[%emt 00:13:22]} Nxe4 {[%clk 01:20:34]} {[%emt
00:06:52]} 11. Nxe4 {[%clk 01:12:56]} {[%emt 00:01:00]} dxe4 {[%clk 01:18:16]}
{[%emt 00:02:47]} 12. Qa4 {[%clk 01:10:14]} {[%emt 00:03:11]} Qb6 {[%clk
01:17:30]} {[%emt 00:01:17]} 13. Qc2 {[%clk 00:49:46]} {[%emt 00:20:58]} f5
{[%clk 01:13:08]} {[%emt 00:04:52]} 14. Qc3 {[%clk 00:45:53]} {[%emt 00:04:24]}
Qb4 {[%clk 01:05:44]} {[%emt 00:07:52]} 15. Qd4 {[%clk 00:41:31]} {[%emt
00:04:52]} Qd6 {[%clk 00:56:33]} {[%emt 00:09:42]} 16. Qc3 {[%clk 00:39:21]}
{[%emt 00:02:40]} Qb4 {[%clk 00:55:13]} {[%emt 00:01:49]} 17. Qd4 {[%clk
00:39:25]} {[%emt 00:00:27]} Qe7 {[%clk 00:53:03]} {[%emt 00:02:40]} 18. Bf4
{[%clk 00:36:00]} {[%emt 00:03:55]} Rd8 {[%clk 00:51:33]} {[%emt 00:02:00]} 19.
Qc3 {[%clk 00:32:02]} {[%emt 00:04:28]} Rd3 {[%clk 00:50:27]} {[%emt 00:01:37]}
20. Qa5 {[%clk 00:30:17]} {[%emt 00:02:14]} Qd7 {[%clk 00:44:23]} {[%emt
00:06:34]} 21. Rae1 {[%clk 00:24:24]} {[%emt 00:06:23]} Bd6 {[%clk 00:38:45]}
{[%emt 00:06:09]} 22. Bxd6 {[%clk 00:22:40]} {[%emt 00:02:14]} Rxd6 {[%clk
00:37:24]} {[%emt 00:01:50]} 23. f3 {[%clk 00:19:32]} {[%emt 00:03:39]} O-O
{[%clk 00:20:07]} {[%emt 00:17:46]} 24. fxe4 {[%clk 00:18:41]} {[%emt
00:01:22]} f4 {[%clk 00:08:18]} {[%emt 00:12:19]} 25. Qe5 {[%clk 00:17:22]}
{[%emt 00:01:49]} Rd2 {[%clk 00:05:58]} {[%emt 00:02:49]} 26. Rxf4 {[%clk
00:15:19]} {[%emt 00:02:34]} Rxg2+ {[%clk 00:04:37]} {[%emt 00:01:51]} 27. Kxg2
{[%clk 00:14:32]} {[%emt 00:01:16]} Qd2+ {[%clk 00:05:03]} {[%emt 00:00:04]}
28. Kf3 {[%clk 00:13:25]} {[%emt 00:01:37]} Rxf4+ {[%clk 00:05:23]} {[%emt
00:00:10]} 29. Qxf4 {[%clk 00:13:54]} {[%emt 00:00:02]} Qxe1 {[%clk 00:05:44]}
{[%emt 00:00:08]} 30. Qb8+ {[%clk 00:11:28]} {[%emt 00:02:55]} Kf7 {[%clk
00:06:13]} {[%emt 00:00:02]} 31. Qxa7+ {[%clk 00:11:25]} {[%emt 00:00:33]} Kg6
{[%clk 00:06:42]} {[%emt 00:00:01]} 32. Qf2 {[%clk 00:09:06]} {[%emt 00:02:49]}
Qb1 {[%clk 00:07:03]} {[%emt 00:00:09]} 33. b3 {[%clk 00:06:56]} {[%emt
00:02:41]} Qd3+ {[%clk 00:06:43]} {[%emt 00:00:49]} 34. Qe3 {[%clk 00:06:32]}
{[%emt 00:00:54]} Qf1+ {[%clk 00:06:40]} {[%emt 00:00:33]} 35. Kg3 {[%clk
00:06:41]} {[%emt 00:00:21]} Qa1 {[%clk 00:05:50]} {[%emt 00:01:20]} 36. a4
{[%clk 00:05:30]} {[%emt 00:01:42]} h5 {[%clk 00:02:35]} {[%emt 00:03:45]} 37.
h4 {[%clk 00:04:56]} {[%emt 00:01:04]} Qd1 {[%clk 00:02:12]} {[%emt 00:00:52]}
38. a5 {[%clk 00:01:49]} {[%emt 00:03:37]} c5 {[%clk 00:00:51]} {[%emt
00:01:51]} 39. Qg5+ {[%clk 00:01:04]} {[%emt 00:01:16]} Kf7 {[%clk 00:01:20]}
40. a6 {[%clk 00:00:39]} {[%emt 00:00:55]} Qg1+ {[%clk 00:00:34]} {[%emt
00:01:16]} 41. Kh3 {[%clk 00:27:11]} {[%emt 00:03:58]} Qh1+ {[%clk 00:30:32]}
{[%emt 00:00:32]} 42. Kg3 {[%clk 00:26:53]} {[%emt 00:00:49]} Qg1+ {[%clk
00:30:54]} {[%emt 00:00:07]} 43. Kf3 {[%clk 00:22:44]} {[%emt 00:04:39]} Qd1+
{[%clk 00:10:06]} {[%emt 00:21:18]} 44. Kg2 {[%clk 00:18:28]} {[%emt 00:04:46]}
Qe2+ {[%clk 00:09:07]} {[%emt 00:01:29]} 45. Kg3 {[%clk 00:16:51]} {[%emt
00:02:07]} Qe1+ {[%clk 00:08:38]} {[%emt 00:00:59]} 46. Kf3 {[%clk 00:16:10]}
{[%emt 00:01:11]} Qd1+ {[%clk 00:08:48]} {[%emt 00:00:20]} 47. Kf2 {[%clk
00:15:20]} {[%emt 00:01:20]} Qc2+ {[%clk 00:06:28]} {[%emt 00:02:50]} 48. Ke1
{[%clk 00:13:05]} {[%emt 00:02:45]} Qxe4+ {[%clk 00:06:01]} {[%emt 00:00:57]}
49. Kd2 {[%clk 00:12:28]} {[%emt 00:01:08]} Qd4+ {[%clk 00:04:39]} {[%emt
00:01:52]} 50. Kc2 {[%clk 00:12:13]} {[%emt 00:00:44]} Qe4+ {[%clk 00:04:08]}
{[%emt 00:01:00]} 51. Kb2 {[%clk 00:11:12]} {[%emt 00:01:32]} Qa8 {[%clk
00:01:56]} {[%emt 00:02:42]} 52. Qf4+ {[%clk 00:10:27]} {[%emt 00:01:15]} Kg6
{[%clk 00:01:49]} {[%emt 00:00:37]} 53. Qd6 {[%clk 00:10:09]} {[%emt 00:00:48]}
Kf5 {[%clk 00:01:14]} {[%emt 00:01:05]} 54. Qxc5+ {[%clk 00:10:13]} {[%emt
00:00:25]} e5 {[%clk 00:01:43]} {[%emt 00:00:02]} 55. a7 {[%clk 00:09:34]}
{[%emt 00:01:09]} Qb7 {[%clk 00:01:48]} {[%emt 00:00:24]} 56. Qf8+ {[%clk
00:09:47]} {[%emt 00:00:18]} 0-1

[Event "DVM U16 2023"]
[Site "Magdeburg GER"]
[Date "2023.12.28"]
[Round "3"]
[White "von Beckh, Frieda"]
[Black "Ammann, Samuel"]
[Result "1-0"]
[Termination "normal"]
[Board "10.2"]
[WhiteElo "1656"]
[BlackElo "1502"]
[WhiteClock "00:04:33"]
[BlackClock "00:00:33"]
[WhiteTeam "SK Bad Homburg 1927"]
[BlackTeam "SC Bavaria Regensburg 1881"]
[PlyCount "75"]
[WhiteFideId "16233751"]
[BlackFideId "34650750"]
[EventCountry "GER"]
[EventRounds "7"]
[EventType "team-swiss"]
[EventDate "2023.12.26"]

1. e4 {[%clk 01:30:57]} {[%emt 00:00:02]} c6 {[%clk 01:30:56]} {[%emt
00:00:05]} 2. d4 {[%clk 01:31:21]} {[%emt 00:00:06]} d5 {[%clk 01:31:20]}
{[%emt 00:00:06]} 3. exd5 {[%clk 01:31:39]} {[%emt 00:00:12]} cxd5 {[%clk
01:31:44]} {[%emt 00:00:06]} 4. Bd3 {[%clk 01:31:58]} {[%emt 00:00:11]} Nc6
{[%clk 01:32:06]} {[%emt 00:00:09]} 5. c3 {[%clk 01:32:08]} {[%emt 00:00:19]}
Nf6 {[%clk 01:32:08]} {[%emt 00:00:27]} 6. Bf4 {[%clk 01:32:12]} {[%emt
00:00:25]} Bg4 {[%clk 01:32:25]} {[%emt 00:00:14]} 7. Qb3 {[%clk 01:32:33]}
{[%emt 00:00:10]} Qd7 {[%clk 01:32:22]} {[%emt 00:00:33]} 8. Nd2 {[%clk
01:32:51]} {[%emt 00:00:11]} e6 {[%clk 01:32:30]} {[%emt 00:00:23]} 9. Ngf3
{[%clk 01:33:14]} {[%emt 00:00:06]} Bd6 {[%clk 01:32:36]} {[%emt 00:00:24]} 10.
Bxd6 {[%clk 01:30:07]} {[%emt 00:03:37]} Qxd6 {[%clk 01:32:57]} {[%emt
00:00:09]} 11. O-O {[%clk 01:30:27]} {[%emt 00:00:10]} O-O {[%clk 01:33:24]}
{[%emt 00:00:04]} 12. Rae1 {[%clk 01:29:47]} {[%emt 00:01:09]} Bh5 {[%clk
01:25:13]} {[%emt 00:08:41]} 13. Ne5 {[%clk 01:29:08]} {[%emt 00:01:08]} Rfb8
{[%clk 01:23:43]} {[%emt 00:02:01]} 14. f4 {[%clk 01:28:09]} {[%emt 00:01:27]}
Bg6 {[%clk 01:14:36]} {[%emt 00:09:39]} 15. f5 {[%clk 01:23:31]} {[%emt
00:05:07]} exf5 {[%clk 01:14:40]} {[%emt 00:00:28]} 16. Bxf5 {[%clk 01:23:36]}
{[%emt 00:00:24]} Bxf5 {[%clk 01:14:56]} {[%emt 00:00:14]} 17. Rxf5 {[%clk
01:23:57]} {[%emt 00:00:09]} Ne7 {[%clk 01:05:51]} {[%emt 00:09:36]} 18. Rf2
{[%clk 01:21:38]} {[%emt 00:02:48]} b5 {[%clk 01:00:30]} {[%emt 00:05:52]} 19.
h3 {[%clk 01:07:10]} {[%emt 00:14:57]} Ng6 {[%clk 00:43:04]} {[%emt 00:17:57]}
20. Ndf3 {[%clk 00:59:28]} {[%emt 00:08:11]} h6 {[%clk 00:33:10]} {[%emt
00:10:25]} 21. Nxg6 {[%clk 00:58:18]} {[%emt 00:01:40]} fxg6 {[%clk 00:33:28]}
{[%emt 00:00:13]} 22. Ne5 {[%clk 00:57:14]} {[%emt 00:01:32]} Kh7 {[%clk
00:27:03]} {[%emt 00:06:56]} 23. Qc2 {[%clk 00:47:29]} {[%emt 00:10:13]} Ne4
{[%clk 00:19:45]} {[%emt 00:07:50]} 24. Rf7 {[%clk 00:43:43]} {[%emt 00:04:16]}
Rf8 {[%clk 00:10:58]} {[%emt 00:09:18]} 25. Rd7 {[%clk 00:39:12]} {[%emt
00:05:00]} Qe6 {[%clk 00:10:05]} {[%emt 00:01:23]} 26. Qe2 {[%clk 00:29:40]}
{[%emt 00:10:01]} a6 {[%clk 00:06:48]} {[%emt 00:03:49]} 27. Qd1 {[%clk
00:18:45]} {[%emt 00:11:22]} Nf6 {[%clk 00:02:39]} {[%emt 00:04:41]} 28. Rc7
{[%clk 00:17:26]} {[%emt 00:01:49]} Ne8 {[%clk 00:00:32]} {[%emt 00:02:38]} 29.
Nd7 {[%clk 00:14:11]} {[%emt 00:03:45]} Nxc7 {[%clk 00:00:31]} {[%emt
00:00:31]} 30. Nxf8+ {[%clk 00:13:56]} {[%emt 00:00:44]} Rxf8 {[%clk 00:00:51]}
{[%emt 00:00:10]} 31. Rxe6 {[%clk 00:14:22]} {[%emt 00:00:04]} Nxe6 {[%clk
00:01:19]} {[%emt 00:00:03]} 32. Qe2 {[%clk 00:13:44]} {[%emt 00:01:05]} Rf6
{[%clk 00:00:37]} {[%emt 00:01:15]} 33. h4 {[%clk 00:10:36]} {[%emt 00:03:37]}
Nf4 {[%clk 00:00:32]} {[%emt 00:00:36]} 34. Qf3 {[%clk 00:10:03]} {[%emt
00:01:02]} Rf5 {[%clk 00:00:31]} {[%emt 00:00:32]} 35. Qe3 {[%clk 00:08:06]}
{[%emt 00:02:25]} Rf6 {[%clk 00:00:31]} {[%emt 00:00:32]} 36. g3 {[%clk
00:07:24]} {[%emt 00:01:08]} Nh5 {[%clk 00:00:42]} {[%emt 00:00:23]} 37. Kg2
{[%clk 00:06:22]} {[%emt 00:01:30]} Rf7 {[%clk 00:00:33]} {[%emt 00:00:42]} 38.
Qe6 {[%clk 00:04:33]} {[%emt 00:02:19]} 1-0

[Event "DVM U16 2023"]
[Site "Magdeburg GER"]
[Date "2023.12.28"]
[Round "3"]
[White "Bürger, Theodor"]
[Black "Pichl, Christoph"]
[Result "0-1"]
[Termination "normal"]
[Board "10.3"]
[WhiteElo "1514"]
[BlackElo "1680"]
[WhiteClock "00:03:55"]
[BlackClock "00:30:00"]
[WhiteTeam "SC Bavaria Regensburg 1881"]
[BlackTeam "SK Bad Homburg 1927"]
[PlyCount "84"]
[WhiteFideId "34640126"]
[BlackFideId "16249739"]
[EventCountry "GER"]
[EventRounds "7"]
[EventType "team-swiss"]
[EventDate "2023.12.26"]

1. e4 {[%clk 01:30:57]} {[%emt 00:00:03]} e6 {[%clk 01:30:51]} {[%emt
00:00:10]} 2. d4 {[%clk 01:31:16]} {[%emt 00:00:11]} d5 {[%clk 01:31:14]}
{[%emt 00:00:07]} 3. exd5 {[%clk 01:30:20]} {[%emt 00:01:25]} exd5 {[%clk
01:31:36]} {[%emt 00:00:08]} 4. Qf3 {[%clk 01:29:11]} {[%emt 00:01:39]} Nf6
{[%clk 01:26:57]} {[%emt 00:05:10]} 5. h3 {[%clk 01:29:12]} {[%emt 00:00:29]}
h6 {[%clk 01:24:25]} {[%emt 00:03:02]} 6. Bd3 {[%clk 01:26:03]} {[%emt
00:03:38]} Bd6 {[%clk 01:21:39]} {[%emt 00:03:17]} 7. Ne2 {[%clk 01:25:18]}
{[%emt 00:01:13]} Nc6 {[%clk 01:20:00]} {[%emt 00:02:10]} 8. O-O {[%clk
01:23:58]} {[%emt 00:01:48]} Nb4 {[%clk 01:12:40]} {[%emt 00:07:51]} 9. c3
{[%clk 01:19:57]} {[%emt 00:04:29]} Nxd3 {[%clk 01:05:11]} {[%emt 00:08:02]}
10. Qxd3 {[%clk 01:19:23]} {[%emt 00:00:59]} O-O {[%clk 01:02:44]} {[%emt
00:03:01]} 11. Nf4 {[%clk 01:16:04]} {[%emt 00:03:46]} c6 {[%clk 00:54:06]}
{[%emt 00:09:12]} 12. Be3 {[%clk 01:09:41]} {[%emt 00:06:51]} Qc7 {[%clk
00:51:17]} {[%emt 00:03:21]} 13. Ne2 {[%clk 01:06:42]} {[%emt 00:03:27]} Ne4
{[%clk 00:47:15]} {[%emt 00:04:34]} 14. Nd2 {[%clk 00:48:49]} {[%emt 00:18:20]}
Re8 {[%clk 00:45:38]} {[%emt 00:02:10]} 15. Nxe4 {[%clk 00:47:04]} {[%emt
00:02:13]} Rxe4 {[%clk 00:45:01]} {[%emt 00:01:08]} 16. c4 {[%clk 00:45:03]}
{[%emt 00:02:29]} Re6 {[%clk 00:15:31]} {[%emt 00:30:03]} 17. c5 {[%clk
00:42:55]} {[%emt 00:02:37]} Bf8 {[%clk 00:13:30]} {[%emt 00:02:32]} 18. Bf4
{[%clk 00:41:27]} {[%emt 00:01:56]} Qd8 {[%clk 00:09:00]} {[%emt 00:05:01]} 19.
Bg3 {[%clk 00:39:49]} {[%emt 00:02:06]} b6 {[%clk 00:03:27]} {[%emt 00:06:06]}
20. b4 {[%clk 00:39:58]} {[%emt 00:00:19]} a5 {[%clk 00:03:50]} {[%emt
00:00:08]} 21. a3 {[%clk 00:39:15]} {[%emt 00:01:11]} Ba6 {[%clk 00:04:07]}
{[%emt 00:00:15]} 22. Qb1 {[%clk 00:29:56]} {[%emt 00:09:49]} Bxe2 {[%clk
00:04:00]} {[%emt 00:00:37]} 23. Rc1 {[%clk 00:29:25]} {[%emt 00:00:58]} b5
{[%clk 00:03:11]} {[%emt 00:01:23]} 24. f4 {[%clk 00:23:56]} {[%emt 00:05:59]}
Qe8 {[%clk 00:02:38]} {[%emt 00:01:03]} 25. Qb2 {[%clk 00:20:06]} {[%emt
00:04:20]} Bd3 {[%clk 00:01:29]} {[%emt 00:01:39]} 26. Qd2 {[%clk 00:19:29]}
{[%emt 00:01:05]} Be4 {[%clk 00:01:31]} {[%emt 00:00:30]} 27. bxa5 {[%clk
00:18:14]} {[%emt 00:01:44]} Qd8 {[%clk 00:01:40]} {[%emt 00:00:21]} 28. Rf1
{[%clk 00:16:40]} {[%emt 00:02:05]} Rg6 {[%clk 00:01:09]} {[%emt 00:00:59]} 29.
Qe3 {[%clk 00:16:14]} {[%emt 00:00:56]} f5 {[%clk 00:01:30]} {[%emt 00:00:11]}
30. Ra2 {[%clk 00:15:23]} {[%emt 00:01:20]} Rxa5 {[%clk 00:01:49]} {[%emt
00:00:11]} 31. Qe1 {[%clk 00:13:59]} {[%emt 00:01:54]} Be7 {[%clk 00:01:40]}
{[%emt 00:00:40]} 32. Qe3 {[%clk 00:13:34]} {[%emt 00:00:55]} Bf6 {[%clk
00:01:42]} {[%emt 00:00:28]} 33. Rd1 {[%clk 00:13:18]} {[%emt 00:00:45]} Ra4
{[%clk 00:01:25]} {[%emt 00:00:48]} 34. Rad2 {[%clk 00:12:47]} {[%emt
00:00:59]} Qa5 {[%clk 00:01:05]} {[%emt 00:00:52]} 35. Bh2 {[%clk 00:03:58]}
{[%emt 00:09:19]} Rxa3 {[%clk 00:00:57]} {[%emt 00:00:38]} 36. Qe1 {[%clk
00:04:22]} {[%emt 00:00:06]} Qc3 {[%clk 00:00:49]} {[%emt 00:00:37]} 37. g3
{[%clk 00:03:30]} {[%emt 00:01:23]} Bh4 {[%clk 00:00:37]} {[%emt 00:00:42]} 38.
Kf1 {[%clk 00:03:06]} {[%emt 00:00:53]} Qf3+ {[%clk 00:00:34]} {[%emt
00:00:33]} 39. Rf2 {[%clk 00:03:11]} {[%emt 00:00:25]} Qh1+ {[%clk 00:00:44]}
{[%emt 00:00:20]} 40. Ke2 {[%clk 00:03:20]} {[%emt 00:00:22]} Ra2+ {[%clk
00:00:40]} {[%emt 00:00:35]} 41. Rd2 {[%clk 00:03:41]} {[%emt 00:00:07]} Bf3+
{[%clk 00:00:34]} {[%emt 00:00:38]} 42. Rxf3 {[%clk 00:03:55]} {[%emt
00:00:15]} Re6+ {[%clk 00:30:00]} {[%emt 00:01:03]} 0-1

[Event "DVM U16 2023"]
[Site "Magdeburg GER"]
[Date "2023.12.28"]
[Round "3"]
[White "Rotärmel, Leonie"]
[Black "Slutski, Daniel"]
[Result "1-0"]
[Termination "normal"]
[Board "10.4"]
[WhiteElo "1512"]
[BlackElo "1324"]
[WhiteClock "00:01:07"]
[BlackClock "00:12:33"]
[WhiteTeam "SK Bad Homburg 1927"]
[BlackTeam "SC Bavaria Regensburg 1881"]
[PlyCount "65"]
[WhiteFideId "16281390"]
[BlackFideId "16292154"]
[EventCountry "GER"]
[EventRounds "7"]
[EventType "team-swiss"]
[EventDate "2023.12.26"]

1. e4 {[%clk 01:30:57]} {[%emt 00:00:02]} c6 {[%clk 01:30:39]} {[%emt
00:00:22]} 2. d4 {[%clk 01:31:22]} {[%emt 00:00:05]} d5 {[%clk 01:30:28]}
{[%emt 00:00:41]} 3. Nc3 {[%clk 01:31:45]} {[%emt 00:00:07]} dxe4 {[%clk
01:30:16]} {[%emt 00:00:42]} 4. Nxe4 {[%clk 01:32:07]} {[%emt 00:00:08]} Nf6
{[%clk 01:29:58]} {[%emt 00:00:48]} 5. Nxf6+ {[%clk 01:32:31]} {[%emt
00:00:06]} exf6 {[%clk 01:29:27]} {[%emt 00:01:00]} 6. c3 {[%clk 01:32:51]}
{[%emt 00:00:11]} Bd6 {[%clk 01:29:05]} {[%emt 00:00:52]} 7. Bd3 {[%clk
01:31:30]} {[%emt 00:01:51]} O-O {[%clk 01:28:04]} {[%emt 00:01:31]} 8. Ne2
{[%clk 01:29:55]} {[%emt 00:02:05]} Re8 {[%clk 01:26:58]} {[%emt 00:01:36]} 9.
Qc2 {[%clk 01:29:39]} {[%emt 00:00:45]} h5 {[%clk 01:25:58]} {[%emt 00:01:31]}
10. Bd2 {[%clk 01:19:02]} {[%emt 00:11:06]} Nd7 {[%clk 01:20:32]} {[%emt
00:05:57]} 11. O-O-O {[%clk 01:14:01]} {[%emt 00:05:30]} Nf8 {[%clk 01:13:42]}
{[%emt 00:07:20]} 12. Ng3 {[%clk 01:08:45]} {[%emt 00:05:45]} g6 {[%clk
01:07:50]} {[%emt 00:06:24]} 13. Ne4 {[%clk 01:00:15]} {[%emt 00:09:00]} Bf5
{[%clk 01:01:11]} {[%emt 00:07:09]} 14. Nxd6 {[%clk 00:57:29]} {[%emt
00:03:15]} Bxd3 {[%clk 00:58:50]} {[%emt 00:02:51]} 15. Qxd3 {[%clk 00:57:34]}
{[%emt 00:00:25]} Qxd6 {[%clk 00:58:43]} {[%emt 00:00:38]} 16. g3 {[%clk
00:53:17]} {[%emt 00:04:47]} Ne6 {[%clk 00:54:14]} {[%emt 00:04:59]} 17. Qf3
{[%clk 00:50:14]} {[%emt 00:03:32]} f5 {[%clk 00:49:44]} {[%emt 00:05:01]} 18.
Rhe1 {[%clk 00:39:46]} {[%emt 00:10:57]} Qd5 {[%clk 00:42:58]} {[%emt
00:07:17]} 19. Qxd5 {[%clk 00:39:00]} {[%emt 00:01:15]} cxd5 {[%clk 00:43:11]}
{[%emt 00:00:17]} 20. Re2 {[%clk 00:26:30]} {[%emt 00:13:00]} Ng7 {[%clk
00:38:19]} {[%emt 00:05:22]} 21. Rxe8+ {[%clk 00:20:44]} {[%emt 00:06:16]} Rxe8
{[%clk 00:37:37]} {[%emt 00:01:13]} 22. Re1 {[%clk 00:21:01]} {[%emt 00:00:12]}
Rxe1+ {[%clk 00:35:34]} {[%emt 00:02:33]} 23. Bxe1 {[%clk 00:21:27]} {[%emt
00:00:05]} Ne6 {[%clk 00:34:17]} {[%emt 00:01:47]} 24. Bd2 {[%clk 00:20:39]}
{[%emt 00:01:17]} g5 {[%clk 00:33:14]} {[%emt 00:01:34]} 25. h3 {[%clk
00:13:55]} {[%emt 00:07:16]} f4 {[%clk 00:27:30]} {[%emt 00:06:12]} 26. gxf4
{[%clk 00:05:07]} {[%emt 00:09:17]} gxf4 {[%clk 00:22:53]} {[%emt 00:05:08]}
27. h4 {[%clk 00:03:25]} {[%emt 00:02:11]} Kg7 {[%clk 00:22:24]} {[%emt
00:01:00]} 28. Kc2 {[%clk 00:01:28]} {[%emt 00:02:26]} Kf6 {[%clk 00:19:54]}
{[%emt 00:03:01]} 29. f3 {[%clk 00:00:48]} {[%emt 00:01:09]} Kf5 {[%clk
00:17:56]} {[%emt 00:02:28]} 30. Kd3 {[%clk 00:00:48]} {[%emt 00:00:29]} Ng5
{[%clk 00:14:29]} {[%emt 00:03:59]} 31. hxg5 {[%clk 00:00:44]} {[%emt
00:00:33]} h4 {[%clk 00:13:55]} {[%emt 00:01:04]} 32. Ke2 {[%clk 00:00:42]}
{[%emt 00:00:32]} h3 {[%clk 00:12:33]} {[%emt 00:01:52]} 33. Kf2 {[%clk
00:01:07]} {[%emt 00:00:04]} 1-0